Online
Catalog

La educación en el Virreinato del Río de la Plata : (Record no. 12104)

MARC details
000 -CABECERA
campo de control de longitud fija 01320cam a2200301 a 4500
001 - NÚMERO DE CONTROL
campo de control 000012447
005 - FECHA Y HORA DE LA ÚLTIMA TRANSACCIÓN
campo de control 20200929163026.0
008 - DATOS DE LONGITUD FIJA--INFORMACIÓN GENERAL
campo de control de longitud fija 900815s1990 sp a b s000 0bspa
020 ## - NÚMERO INTERNACIONAL ESTÁNDAR DEL LIBRO
Número Internacional Estándar del Libro 8477531226
035 ## - NÚMERO DE CONTROL DEL SISTEMA
Número de control de sistema (DLC) 90185436
040 ## - FUENTE DE LA CATALOGACIÓN
Centro catalogador/agencia de origen DO-SdBNP
Centro/agencia transcriptor DLC
Centro/agencia modificador DLC
-- BNPHU
082 ## - NÚMERO DE LA CLASIFICACIÓN DECIMAL DEWEY
Número de clasificación 370.94682
Número de documento/Ítem G261e
049 ## - FONDOS LOCALES (OCLC)
Fondos de biblioteca BNGR
100 1# - ENTRADA PRINCIPAL--NOMBRE DE PERSONA
Nombre de persona Gato Castaño, Purificación.
9 (RLIN) 29165
245 13 - MENCIÓN DE TÍTULO
Título La educación en el Virreinato del Río de la Plata :
Resto del título acción de José Antonio de San Alberto en la audiencia de Charcas, 1768-1810 /
Mención de responsabilidad, etc. Purificación Gato Castaño.
260 ## - PUBLICACIÓN, DISTRIBUCIÓN, ETC.
Lugar de publicación, distribución, etc. [Zaragoza] :
Nombre del editor, distribuidor, etc. Diputación General de Aragón. Departamento de Cultura y Educación,
Fecha de publicación, distribución, etc. 1990.
300 ## - DESCRIPCIÓN FÍSICA
Extensión 374 p. :
Otras características físicas il. ;
Dimensiones 27 cm.
490 1# - MENCIÓN DE SERIE
Mención de serie Estudios y monografías
Designación de volumen o secuencia 11
504 ## - NOTA DE BIBLIOGRAFÍA, ETC.
Nota de bibliografía, etc. Incluye fuentes documentales manuscritas y bibliografía.
504 ## - NOTA DE BIBLIOGRAFÍA, ETC.
Nota de bibliografía, etc. Bibliografía: (p. [351]-370).
590 ## - NOTA LOCAL (RLIN)
Nota local La biblioteca posee 1 ejemplar autografiado por el autor.
600 14 - PUNTO DE ACCESO ADICIONAL DE MATERIA--NOMBRE DE PERSONA
Nombre de persona SAN ALBERTO, JOSÉ ANTONIO,
Títulos y otros términos asociados al nombre ARZOBISPO DE LA PLATA (ARGENTINA),
Fechas asociadas al nombre 1727-1804
Subdivisión general ESCRITOS
9 (RLIN) 29166
650 #4 - PUNTO DE ACCESO ADICIONAL DE MATERIA--TÉRMINO DE MATERIA
Término de materia o nombre geográfico como elemento de entrada Educación
Subdivisión geográfica España
Subdivisión cronológica 1768-1810.
9 (RLIN) 29167
650 #4 - PUNTO DE ACCESO ADICIONAL DE MATERIA--TÉRMINO DE MATERIA
Término de materia o nombre geográfico como elemento de entrada Educación
Subdivisión geográfica Argentina
Subdivisión cronológica 1768-1810.
9 (RLIN) 29168
650 #4 - PUNTO DE ACCESO ADICIONAL DE MATERIA--TÉRMINO DE MATERIA
Término de materia o nombre geográfico como elemento de entrada Cartas pastorales
Subdivisión geográfica La Plata (Argentina{Rpara}
9 (RLIN) 29169
830 #0 - PUNTO DE ACCESO ADICIONAL DE SERIE-TÍTULO UNIFORME
Título uniforme Estudios y monografías ;
Designación de volumen o secuencia 11
9 (RLIN) 29170
910 ## - DATOS DE OPCIÓN DEL USUARIO (OCLC)
Datos de opción del usuario Catalogación por copia / LC
Holdings
Estado de retiro Estado de pérdida Restricciones de uso No para préstamo Código de colección Localización permanente Ubicación/localización actual Ubicación en estantería Fecha de adquisición Número de inventario Total de préstamos Signatura topográfica completa Código de barras Fecha visto por última vez Precio válido a partir de Tipo de ítem Koha
    Préstamo interno   Monografías: Libros y Folletos General General En catalogación 12.11.2009 LF1   370.94682 G261e 12447-10 25.06.2020 25.06.2020 Préstamo interno

Powered by Koha